Derecho de aguas y derecho al agua. Una mirada crítica

Uloženo v:
Podrobná bibliografie
Hlavní autor: Escalona Orellana, Raúl
Médium: Neznámo
Jazyk:angličtina
Vydáno: Santiago, Chile. Metropolitana, 2021
Témata:
Tagy: Přidat tag
Žádné tagy, Buďte první, kdo vytvoří štítek k tomuto záznamu!

MARC

LEADER 00000 a2200000 4500
003 CL-VaPUC
005 20211123130915.0
008 211104b2021 ||||| |||| 00| 0 eng d
999 |c 433819  |d 433817 
020 |a 9789562863056 
040 |c Pontificia Universidad Católica de Valparaíso 
082 |a 346.04691 ESC 2021 
100 1 |a Escalona Orellana, Raúl  |9 863852 
245 1 |a Derecho de aguas y derecho al agua.  |b Una mirada crítica 
260 |a Santiago, Chile.  |b Metropolitana,   |c 2021 
300 |a 245 páginas  
583 |k Cristina María Rojas Aguilar  |c 20211104 
650 0 |a Derecho de aguas  |9 257148  |z Chile  
650 0 |a Derecho al agua  |9 864600 
942 |2 ddc  |c BK 
952 |0 0  |1 0  |2 ddc  |4 0  |6 346_046910000000000_ESC_2021  |7 0  |8 A  |9 579115  |a BIBDER  |b BIBDER  |d 2021-11-02  |e 22  |g 25000.00  |i 5624827  |l 1  |o 346.04691 ESC 2021  |p 5624827  |r 2023-07-10  |s 2023-07-10  |t 1  |v 25000.00  |w 2021-11-02  |y BK  |k DER